Central Library OPAC University of Rajshahi

Family structure in A Village of Bangladesh : (Record no. 79387)

MARC details
000 -LEADER
fixed length control field 01003nam a2200265 a 4500
001 - CONTROL NUMBER
RUCL Control Number 79387
003 - CONTROL NUMBER IDENTIFIER
rucl marc code BD-RjUL
005 - DATE AND TIME OF LATEST TRANSACTION
control field 20220521161056.0
008 - FIXED-LENGTH DATA ELEMENTS--GENERAL INFORMATION
fixed length control field 220215s2006eng |||a|||| m||| 00| 0 eng d
035 ## - SYSTEM CONTROL NUMBER
system control number (BD-RjUL)79387
040 ## - CATALOGING SOURCE
Original cataloging agency BD-RjUL
Language of cataloging eng
Transcribing agency BD-RjUL
Modifying agency BD-RjUL
041 ## - LANGUAGE CODE
Language code of Book eng
082 ## - DEWEY DECIMAL CLASSIFICATION NUMBER
Classification number 306.85
Author mark and Year EMF 2006
DDC Edition number 23
100 ## - MAIN ENTRY--PERSONAL NAME
Personal name Emajuddin, Md.
9 (RLIN) 1354
245 01 - TITLE STATEMENT
Title Family structure in A Village of Bangladesh :
Remainder of title A cross-cultural study /
Statement of responsibility, etc By Md. Emajuddin ;
Name of Supervisor/Co-Supervisor Supervisor : AKM Shafiul Islam
260 ## - PUBLICATION, DISTRIBUTION, ETC. (IMPRINT)
Place of publication, distribution, etc Rajshahi :
Name of publisher, distributor, etc Institute of Bangladesh Studies, University of Rajshahi,
Date of publication, distribution, etc 2006
300 ## - PHYSICAL DESCRIPTION
Pagination xvi, 244 Leaves :
Other physical details ill. ;
Dimensions 29 cm.
502 ## - DISSERTATION NOTE
Dissertation note Thesis (Ph. D.) -- Institute of Bangladesh Studies, University of Rajshahi, 2006
504 ## - BIBLIOGRAPHY, ETC. NOTE
Bibliography, etc Bibliography : Leaves [233]-244
600 ## - SUBJECT ADDED ENTRY--PERSONAL NAME
Geographic subdivision .
650 ## - SUBJECT ADDED ENTRY--TOPICAL TERM
Topical term or geographic name as entry element Families
Geographic subdivision Bangladesh
General subdivision Cross-cultural studies
9 (RLIN) 1355
Topical term or geographic name as entry element Families
Geographic subdivision Bangladesh
General subdivision Statistics
9 (RLIN) 3101
700 ## - ADDED ENTRY--SUPERVISOR/CO-SUPERVISOR NAME
Personal name Islam, AKM Shafiul, Supervisor
9 (RLIN) 1356
942 ## - ADDED ENTRY ELEMENTS (KOHA)
Source of classification or shelving scheme Dewey Decimal Classification
Koha item type Theses
Holdings
Source of classification or shelving scheme Damaged status Not for loan Collection code Permanent Location Current Location Shelving location Date of accession Source of acquisition Full call number Barcode Date last seen Copy number Thesis
Dewey Decimal Classification   Not For Loan Theses Central Library, University of Rajshahi Central Library, University of Rajshahi Documentation Section 11/02/2007 Controller of Exam., R.U THE 306.85 EMF 2006 D2563 15/02/2022 C-1 Theses